000 01793nam a22004577a 4500
003 OSt
005 20230427104539.0
008 221006b |||||||| |||| 00| 0 eng d
040 _cBiblioteca Lado V
082 _a700
_bC971s
100 _9620
_aPerot, Jacques
_eeditor
245 _aCahiers d'etude/
_bStudy Series/
260 _bInternational Council of Museums
_aParis
_c2001
300 _c21x30cm
_a32p.
366 _efre
490 _a9
_v2001
_x1020-5543
505 _tPreface
505 _tEditorial
505 _tThe city museum and its international role
505 _tLes musees d'archeologie et d'histoire
505 _tMusee de site et de reconstitution archeologique
505 _tPour un code de deontologie des archeologues
505 _tArchaelogical investigations from the Danish Middle Ages
505 _tPost-War Beirut city centre
505 _tLes musees archeologiques et historiques
505 _tTraditions and modernity in archaeological
505 _tThe Istanbul Museum and Social History
505 _tThe history an role of museum is Palestine
505 _tThe Museum and the consciousness of the city
505 _tLes musees d'histoire et d'archeologie:
650 _2Tesauro de Arte & Arquitectura
_aARTE
_9703
650 _2Tesauro de Arte & Arquitectura
_aEXPOSICIONES
650 _2Tesauro de Arte & Arquitectura
_aCULTURA
650 _2Tesauro de Arte & Arquitectura
_aAPRECIACION
650 _2Tesauro de Arte & Arquitectura
_aTEORIA
650 _2Tesauro de Arte & Arquitectura
_aVIDEO
650 _2Tesauro de Arte & Arquitectura
_aMUSICA
_9702
650 _2Tesauro de Arte & Arquitectura
_aLITERATURA
650 _2Tesauro de Arte & Arquitectura
_aFRANCIA
942 _2ddc
_c1
_h700
_iP453c
_n0
999 _c3484
_d3484